Time for a change of use (Record no. 121228)

MARC details
000 -LEADER
fixed length control field 00635nas a22001817a 4500
001 - CONTROL NUMBER
control field K121228
007 - PHYSICAL DESCRIPTION FIXED FIELD--GENERAL INFORMATION
fixed length control field ta
008 - FIXED-LENGTH DATA ELEMENTS--GENERAL INFORMATION
fixed length control field 200319b2020 ||||| |||| 00| 0 eng d
041 ## - LANGUAGE CODE
Language code of text/sound track or separate title eng
245 ## - TITLE STATEMENT
Title Time for a change of use
260 ## - PUBLICATION INFORMATION
Date 2020
490 ## - SERIES TITLE
Series statement RICS Modus
Volume March 2020, 7(1)
520 ## - ABSTRACT
Abstract Discusses whether developers have misused permitted development rights to create sub-standard housing. References RICS insight paper "Extending permitted development rights in England".
650 ## - KEYWORDS
Keywords PERMITTED DEVELOPMENT RIGHTS
650 ## - KEYWORDS
Keywords SUB-STANDARD HOUSING
651 ## - SUBJECT ADDED ENTRY--GEOGRAPHIC NAME
Geographic name United Kingdom
690 ## - LOCAL SUBJECT ADDED ENTRY--TOPICAL TERM (OCLC, RLIN)
9 (RLIN) 6259
Topical term or geographic name as entry element Planning and development
Holdings
Withdrawn status Lost status Source of classification or shelving scheme Damaged status Not for loan Home library Current library Shelving location Date acquired Total Checkouts Date last seen Price effective from Koha item type
    Dewey Decimal Classification     London London News article 19/03/2020   19/03/2020 19/03/2020 Journal article